[Event "105th British-ch 2018"]
[Site "Hull"]
[Date "2018.08.03"]
[Round "4"]
[White "Trent, Lawrence"]
[Black "Fodor, Tamas Jr"]
[Result "0-1"]
[WhiteElo "2406"]
[BlackElo "2506"]
[Annotator "TA"]
[PlyCount "112"]
[EventDate "2018.07.28"]
[EventType "swiss"]
[EventCountry "GBR"]
[SourceTitle "playchess.com"]
[Source "ChessBase"]
[SourceQuality "1"]

{[%evp 23,112,22,14,0,0,10,10,0,2,0,0,12,109,103,120,124,114,118,120,121,120,121,89,56,60,56,43,56,70,0,0,0,0,0,0,0,0,0,0,0,0,-14,-15,-110,-99,-93,-15,-34,-34,-35,-33,-56,-39,-104,-70,-120,-136,-156,-152,-96,-104,-356,-352,-6123,-5720,-2245,-1904,-29940,-6081,-29950,-29956,-29956,-29955,-29955,-29960,-29960,-29962,-29962,-29961,-8061,-2511,-29980,-29982,-29982,-29982,-29982,-29983,-29983,-29984,-29983,-29984]} 1. e4 e6 2. d4 d5 3. Nd2 c5 4. Ngf3 Nf6 5. e5 Nfd7 6. c3 Nc6 7. Bd3 f6 8. exf6 Nxf6 9. O-O cxd4 10. cxd4 Bd6 11. Re1 O-O 12. Nf1 {C06: French Tarrasch: 3...Nf6 4 e5 Nfd7 5 Bd3 main lines} Qb6 {LiveBook: 6 Games} 13. h3 (13. Rb1 Nb4 14. a3 Nxd3 15. Qxd3 Bd7 16. Ng3 Bb5 17. Qd1 Rae8 18. Ne5 Bxe5 19. Rxe5 Nd7 20. Rg5 e5 21. Be3 h6 22. Rh5 Qg6 23. Rc1 Bc6 {1-0 (23) Carlsen,M (2802)-Ponomariov,R (2744) Moscow 2010}) 13... Bd7 14. b3 $146 {The position is equal.} ({Predecessor:} 14. Bg5 Rae8 15. Rc1 e5 16. dxe5 Nxe5 17. Nxe5 Bxe5 {½-½ (31) Maroroa,S (2116)-Fathallah,J (1919) Llandudno 2017}) 14... Rae8 15. Bb2 {[%cal Bc1b2,Bb2a3,Ba3c5][%mdl 32]} Re7 16. Rc1 Be8 17. Ng3 Bxg3 (17... a5 $11) 18. fxg3 $16 e5 {With the idea ...e4.} 19. Rxc6 Bxc6 20. Ba3 ({Much worse is} 20. Nxe5 $6 Ree8 $11) 20... Ree8 {...e4 is the strong threat.} 21. Bc5 Qa5 22. b4 (22. Rxe5 $6 Rxe5 23. Nxe5 Re8 $11) ({But not} 22. Bxf8 $6 e4 $11) 22... Qxa2 {aiming for ...e4.} 23. Re2 Qa4 24. Qxa4 Bxa4 25. dxe5 ({Much weaker is} 25. Bxf8 e4 $17) 25... Bd1 26. Rd2 (26. Re3 $14) 26... Bxf3 $1 $11 27. exf6 Be4 28. Bxf8 Kxf8 29. fxg7+ Kxg7 30. Bxe4 Rxe4 {[%mdl 4096] Endgame KR-KR} 31. b5 d4 32. Kf2 Kf6 33. Rd3 (33. Ra2 $11 {remains equal.}) 33... Ke6 34. Ra3 Re5 ({Black should play} 34... Kd5 $17) 35. Rxa7 Rxb5 36. g4 Kd5 37. Ra8 Kc4 38. Rc8+ (38. Rh8 $15) 38... Kd3 39. Rh8 Rc5 40. Rxh7 b5 $1 41. h4 b4 {[%mdl 1024] Strongly threatening ...b3. Black has strong compensation.} 42. Rb7 $2 {[%mdl 8192]} (42. g5 $17 {was the only defense.} b3 43. g6 Rc2+ 44. Kf3) 42... Kc3 $19 43. h5 $2 {[#]} (43. Ke2 b3 44. Rxb3+ Kxb3 45. Kd3) 43... d3 $1 {[%cal Rd3d2]} 44. h6 d2 45. h7 {[#]} Rc8 $1 46. Rc7+ Rxc7 47. h8=Q+ {KQ-KR} Kc2 48. Qd8 Rf7+ 49. Ke2 Re7+ $1 50. Qxe7 d1=Q+ {KQ-KQ} 51. Kf2 Qd4+ 52. Kf3 b3 {[%cal Bb4b3,Bb3b2][%mdl 32] Black mates.} 53. Qe2+ Qd2 54. Qe8 Qd3+ 55. Kf4 b2 56. Qa4+ Kc1 {Precision: White = 46%, Black = 77%.} 0-1

[Event "105th British-ch 2018"]
[Site "Hull"]
[Date "2018.08.03"]
[Round "4"]
[White "McPhillips, Joseph"]
[Black "Young, Daniel J"]
[Result "1-0"]
[WhiteElo "2402"]
[BlackElo "1962"]
[Annotator "ChessBase"]
[PlyCount "153"]
[EventDate "2018.07.28"]
[EventType "swiss"]
[EventCountry "GBR"]
[SourceTitle "playchess.com"]
[Source "ChessBase"]
[SourceQuality "1"]
[TimeControl "40/5400+30:1800+30"]

1. b4 {[%emt 0:07:57]} e5 {[%emt 0:00:00]} 2. a3 {[%emt 0:00:21]} d5 {[%emt 0:00:19]} 3. d4 {[%emt 0:11:43]} e4 {[%emt 0:08:33]} 4. Bf4 {[%emt 0:03:41]} Nf6 {[%emt 0:02:09]} 5. e3 {[%emt 0:01:33]} Be7 {[%emt 0:04:54]} 6. c4 {[%emt 0:03:22]} Be6 {[%emt 0:04:38]} 7. Nd2 {[%emt 0:03:05]} a5 {[%emt 0:09:59]} 8. b5 {[%emt 0:01:32]} Nbd7 {[%emt 0:03:23]} 9. h3 {[%emt 0:05:36]} c5 {[%emt 0:04:39]} 10. bxc6 {[%emt 0:05:47]} bxc6 {[%emt 0:00:14]} 11. c5 {[%emt 0:00:53]} O-O {[%emt 0:03:58]} 12. Qa4 {[%emt 0:03:58]} Qc8 {[%emt 0:01:13]} 13. Bh2 {[%emt 0:02:04]} Bd8 {[%emt 0:03:27]} 14. Ne2 {[%emt 0:00:39]} Nb8 {[%emt 0:02:46]} 15. Nf4 {[%emt 0:03:00]} Bc7 {[%emt 0:01:44]} 16. Be2 {[%emt 0:00:33]} g5 {[%emt 0:01:12]} 17. Nxe6 {[%emt 0:07:58]} fxe6 {[%emt 0:00:15]} 18. Bxc7 {[%emt 0:01:26]} Qxc7 {[%emt 0:04:08]} 19. O-O {[%emt 0:00:02]} Nbd7 {[%emt 0:02:08]} 20. f3 {[%emt 0:03:13]} exf3 {[%emt 0:03:17]} 21. Bxf3 {[%emt 0:00:12]} e5 {[%emt 0:01:35]} 22. e4 {[%emt 0:01:24]} exd4 {[%emt 0:04:03]} 23. Qxd4 {[%emt 0:01:23]} Qe5 {[%emt 0:01:33]} 24. Qxe5 {[%emt 0:00:58]} Nxe5 {[%emt 0:00:07]} 25. exd5 {[%emt 0:00:16]} Nxd5 {[%emt 0:02:02]} 26. Rab1 {[%emt 0:12:14]} a4 {[%emt 0:04:04]} 27. Rb7 {[%emt 0:02:29]} Ra5 {[%emt 0:02:33]} 28. Bxd5+ {[%emt 0:03:34]} cxd5 {[%emt 0:00:09]} 29. Re1 {[%emt 0:00:08]} Ng6 {[%emt 0:03:21]} 30. Nf3 {[%emt 0:04:18]} Rxc5 {[%emt 0:13:06]} 31. Nxg5 {[%emt 0:00:05]} Rc2 {[%emt 0:02:23]} 32. Nxh7 {[%emt 0:04:30]} Rff2 {[%emt 0:00:44]} 33. Re8+ {[%emt 0:00:17]} Nf8 {[%emt 0:00:12]} 34. Rxf8+ {[%emt 0:01:26]} Rxf8 {[%emt 0:00:09]} 35. Nxf8 {[%emt 0:00:03]} Kxf8 {[%emt 0:00:09]} 36. Rb4 {[%emt 0:03:50]} Rc1+ {[%emt 0:01:18]} 37. Kf2 {[%emt 0:00:06]} Rc2+ {[%emt 0:00:07]} 38. Kf1 {[%emt 0:00:38]} Rc1+ {[%emt 0:00:18]} 39. Ke2 {[%emt 0:01:26]} Rc2+ {[%emt 0:00:07]} 40. Kf1 {[%emt 0:00:54]} Rc1+ {[%emt 0:00:28]} 41. Kf2 {[%emt 0:06:35]} Rc2+ {[%emt 0:00:12]} 42. Kf3 {[%emt 0:01:34]} Rc3+ {[%emt 0:00:14]} 43. Kf4 {[%emt 0:00:05]} Rxa3 {[%emt 0:00:20]} 44. Rd4 {[%emt 0:00:23]} Ra1 {[%emt 0:08:42]} 45. Rxd5 {[%emt 0:00:25]} a3 {[%emt 0:00:52]} 46. Ra5 {[%emt 0:00:21]} a2 {[%emt 0:04:00]} 47. Kg5 {[%emt 0:00:29]} Kf7 {[%emt 0:01:50]} 48. h4 {[%emt 0:02:11]} Rb1 {[%emt 0:04:01]} 49. Rxa2 {[%emt 0:01:01]} Rb5+ {[%emt 0:00:09]} 50. Kg4 {[%emt 0:00:10]} Rb4+ {[%emt 0:02:20]} 51. Kh3 {[%emt 0:00:11]} Kg6 {[%emt 0:00:19]} 52. Ra5 {[%emt 0:00:17]} Kh6 {[%emt 0:00:31]} 53. Ra6+ {[%emt 0:00:16]} Kg7 {[%emt 0:00:20]} 54. Ra3 {[%emt 0:01:05]} Kh6 {[%emt 0:00:24]} 55. g4 {[%emt 0:01:12]} Kg6 {[%emt 0:01:34]} 56. Kg3 {[%emt 0:00:55]} Kh6 {[%emt 0:00:13]} 57. Ra6+ {[%emt 0:00:32]} Kg7 {[%emt 0:00:09]} 58. g5 {[%emt 0:00:32]} Kh7 {[%emt 0:00:57]} 59. Rf6 {[%emt 0:00:17]} Kg7 {[%emt 0:00:32]} 60. Rf4 {[%emt 0:00:10]} Rb1 {[%emt 0:00:33]} 61. Kg4 {[%emt 0:00:35]} Rb5 {[%emt 0:01:09]} 62. Ra4 {[%emt 0:00:47]} Kg6 {[%emt 0:00:35]} 63. Ra6+ {[%emt 0:00:10]} Kg7 {[%emt 0:00:06]} 64. Ra7+ {[%emt 0:00:25]} Kg8 {[%emt 0:00:13]} 65. Kh5 {[%emt 0:00:51]} Rb6 {[%emt 0:02:57]} 66. g6 {[%emt 0:03:23]} Rb4 {[%emt 0:01:02]} 67. Kg5 {[%emt 0:00:17]} Rb5+ {[%emt 0:00:35]} 68. Kh6 {[%emt 0:00:10]} Rb8 {[%emt 0:00:05]} 69. h5 {[%emt 0:00:17]} Rc8 {[%emt 0:00:32]} 70. Rg7+ {[%emt 0:00:16]} Kh8 {[%emt 0:00:18]} 71. Re7 {[%emt 0:00:34]} Kg8 {[%emt 0:00:42]} 72. Kg5 {[%emt 0:00:26]} Rc5+ {[%emt 0:00:53]} 73. Kf6 {[%emt 0:00:24]} Rc6+ {[%emt 0:00:02]} 74. Re6 {[%emt 0:00:28]} Rc8 {[%emt 0:00:08]} 75. h6 {[%emt 0:01:26]} Rf8+ {[%emt 0:00:41]} 76. Kg5 {[%emt 0:00:17]} Ra8 {[%emt 0:00:23]} 77. h7+ {[%emt 0:01:11]} 1-0

[Event "105th British-ch 2018"]
[Site "Hull"]
[Date "2018.08.03"]
[Round "4"]
[White "Roberson, Peter T"]
[Black "Ghasi, Ameet K"]
[Result "0-1"]
[WhiteElo "2401"]
[BlackElo "2494"]
[Annotator "TA"]
[PlyCount "110"]
[EventDate "2018.07.28"]
[EventType "swiss"]
[EventCountry "GBR"]
[SourceTitle "playchess.com"]
[Source "ChessBase"]
[SourceQuality "1"]

{[%evp 13,110,39,45,52,42,6,6,14,8,9,13,-12,38,26,42,43,23,27,22,19,25,33,47,29,38,14,33,10,13,0,0,0,0,2,11,-115,-132,-117,-113,-106,-101,-159,-138,-172,-163,-163,-177,-165,-158,-186,-195,-187,-179,-184,-191,-258,-207,-218,-200,-221,-202,-201,-208,-199,-159,-148,-123,-161,-150,-158,-162,-215,-177,-247,-254,-261,-238,-504,-466,-452,-302,-295,-288,-298,-298,-270,-131,-949,-184,-948,-895,-929,-906,-902,-891,-716,-690,-690,-654]} 1. e4 d6 2. d4 Nf6 3. Nc3 g6 4. Be3 c6 5. h3 Nbd7 6. Nf3 {[%cal Bg1f3,Bf3d2,Bd2b3,Bb3c5][%mdl 32] B07: Pirc-Ufimzew-Verteidigung} (6. Bd3 e5 7. Nf3 Bg7 8. O-O O-O 9. Qd2 Re8 10. Rad1 b5 11. dxe5 dxe5 12. a4 a6 13. Ne2 Qe7 14. Ng3 Bb7 15. a5 c5 16. c4 b4 17. Bh6 {1-0 (49) Saric,I (2669)-Ponomariov,R (2694) Katowice 2017}) 6... e5 7. a4 Qe7 {LiveBook: 8 Partien} 8. dxe5 {Weiß steht etwas besser.} dxe5 9. Nd2 $146 ({Vorgänger:} 9. Be2 Bg7 10. Nd2 O-O 11. Nc4 Ne8 12. Qd2 Nc5 13. O-O Ne6 14. Rad1 Nd4 15. a5 Be6 16. Na4 Rd8 17. Kh1 Nf6 18. Bg5 Nf3 19. Qe3 Nxg5 20. Qxg5 {0-1 (35) Peat,M-Marin,I (2261) Porto Mannu 2007}) 9... Nc5 10. Qf3 Bg7 11. Bc4 O-O 12. O-O Nh5 13. Nb3 Ne6 14. Bxe6 Qxe6 15. Rfd1 Re8 16. Rd2 Qe7 17. a5 Qc7 18. Nc5 Nf4 19. b4 Qe7 20. Ne2 Ne6 21. c3 Nxc5 22. Bxc5 Qh4 23. Rad1 Be6 24. Qg3 (24. Ng3 $11 {hält das Gleichgewicht.}) 24... Qxe4 $17 25. f3 Qc4 26. Qf2 a6 27. Qe3 (27. g4 $142) 27... Bd5 28. Bb6 f5 {[%cal Bf7f5,Bf5f4][%mdl 32]} 29. Rb1 f4 30. Qc5 g5 31. Rbd1 Qxc5+ 32. Bxc5 e4 33. fxe4 Rxe4 34. Bd4 (34. Nd4 $142) 34... Bf8 35. Nc1 Rae8 36. Kf2 {[#]} Re3 $1 {[%mdl 512]} 37. Rd3 (37. Bxe3 fxe3+) 37... R3e6 38. R3d2 Bh6 39. Nd3 {[#]} Re3 $1 {[%mdl 512]} 40. Re1 (40. Bxe3 fxe3+) 40... Rxe1 41. Nxe1 Bg7 42. Nc2 (42. Nf3 {kämpft weiter.}) 42... h6 43. Bxg7 (43. h4 {ist wohl besser.}) 43... Kxg7 $19 {[%mdl 4096] Endspiel KTL-KTS} 44. h4 g4 45. Rd4 $2 (45. g3) 45... g3+ 46. Kf1 Be4 47. Na3 f3 48. gxf3 Bxf3 {( -> ...Te2)} 49. Nc2 Re2 (49... Kg6 $19 {zielt auf ...Te4 ab.} 50. Rf4 Bd1) 50. Rf4 $2 {[%mdl 8192]} (50. Ne1 $17) 50... g2+ ({Weniger gut wäre} 50... Rxc2 51. Rxf3 g2+ 52. Kg1 $17) 51. Kg1 Be4 {Schwarz steht klar auf Gewinn.} ({Schwächer ist} 51... Rxc2 52. Rxf3 Kg6 53. Kh2 $17) 52. Rg4+ Kf6 53. Nd4 Re1+ 54. Kf2 Rf1+ 55. Ke3 g1=Q+ {Precision: Weiß = 56%, Schwarz = 67%.} 0-1

[Event "105th British-ch 2018"]
[Site "Hull"]
[Date "2018.08.03"]
[Round "4"]
[White "Derakhshani, Borna"]
[Black "Fernandez, Daniel Howard"]
[Result "0-1"]
[WhiteElo "2315"]
[BlackElo "2477"]
[Annotator "TA"]
[PlyCount "56"]
[EventDate "2018.07.28"]
[EventType "swiss"]
[EventCountry "GBR"]
[SourceTitle "playchess.com"]
[Source "ChessBase"]
[SourceQuality "1"]

{[%evp 9,56,37,61,23,67,68,58,52,57,53,59,52,55,58,76,48,83,75,77,33,25,23,25,14,56,35,221,197,314,314,307,304,308,303,291,2,17,-625,-622,-610,-605,-607,-576,-893,-891,-12834,-12834,-12833,-5808]} 1. d4 d6 2. Nc3 Nd7 (2... Nf6 3. e4 c6 4. f4 Qa5 5. e5 Ne4 6. Qf3 d5 7. Bd3 f5 8. exf6 exf6 9. Bd2 Nxd2 10. Kxd2 Bd6 11. Re1+ Kd8 12. Nge2 Qc7 13. g3 Nd7 14. f5 Nb6 {1-0 (66) Vallejo Pons,F (2666)-Bezold,M (2547) Munich 2016}) 3. d5 $146 ({Predecessor:} 3. e4 e5 4. Nf3 Be7 5. dxe5 Nxe5 6. Nxe5 dxe5 7. Qxd8+ Bxd8 8. Bc4 c6 9. a4 a5 10. Be3 Nf6 11. O-O Nd7 12. Rad1 {0-1 (47) Weindl,A (2374)-Krstic,U (2410) Austria 2011}) 3... e5 4. dxe6 fxe6 5. e4 g6 6. h4 {A41: 1 d4 d6: Tartakower System and Modern Defence} (6. Nf3 {with more complications.} Bg7 7. Bc4 Nc5 8. Bg5 Ne7 9. Qd2) 6... Bh6 7. Bxh6 Nxh6 8. Qd2 {White is slightly better.} Nf7 9. O-O-O a6 10. f4 b5 11. e5 dxe5 12. Ne4 O-O 13. h5 {Threatens to win with hxg6.} Bb7 14. hxg6 Bxe4 15. gxf7+ Rxf7 16. fxe5 Qf8 17. Nh3 Bf5 $2 ({Don't blunder} 17... Nxe5 $2 18. Qe3 $18) (17... Bg6 $14) 18. Ng5 $18 Rg7 {[#]} (18... Re7 {was necessary.}) 19. g4 $1 {[%cal Rg4f5][%mdl 512]} Bxg4 {Hoping for ...Nc5.} 20. Nxh7 Rxh7 21. Rxh7 Kxh7 {[#]} 22. Qxd7+ $2 ({Only move:} 22. Bd3+ $1 $18 Kg8 23. Rh1 Nxe5 24. Bh7+ Kh8 25. Be4+ Kg8 26. Bxa8) 22... Kh8 23. Bd3 $2 {[%mdl 8192]} (23. Re1 $11) 23... Qh6+ $19 {Black is clearly winning.} 24. Kb1 {aiming for Rf1.} Bxd1 25. Be4 Rg8 26. Qxd1 Qh2 27. Bd3 Rg1 {[%cal Rg1d1]} 28. Bf1 Qf4 {Precision: White = 45%, Black = 41%.} 0-1

[Event "105th British-ch 2018"]
[Site "Hull"]
[Date "2018.08.03"]
[Round "4"]
[White "Kolbus, Dietmar"]
[Black "Ward, Chris G"]
[Result "1/2-1/2"]
[WhiteElo "2303"]
[BlackElo "2434"]
[Annotator "TA"]
[PlyCount "169"]
[EventDate "2018.07.28"]
[EventType "swiss"]
[EventCountry "GBR"]
[SourceTitle "playchess.com"]
[Source "ChessBase"]
[SourceQuality "1"]

{[%evp 12,169,13,2,24,11,33,38,27,22,47,43,83,75,77,60,85,43,80,89,93,85,102,107,135,147,151,81,202,180,133,-16,-16,-18,-18,-37,-26,-41,-31,-31,-31,-37,-37,-37,-37,-37,-37,-37,-17,-14,0,0,0,0,0,-25,0,-21,-21,-12,-6,-28,-34,-49,-42,-41,-47,-45,-33,-55,-28,-55,-54,-48,-57,-55,-55,-55,-55,-58,-55,-55,-55,-55,-55,-55,-55,-55,-55,-58,-6,-15,0,-14,-16,-49,-21,-195,-201,-377,-363,-327,-331,-439,-441,-437,-433,-430,-413,-500,-482,-469,-336,-288,0,-470,-418,-457,-449,-431,-404,-385,-316,-358,-310,-281,-301,-248,-112,-281,-236,-424,-180,-12839,-301,-228,0,0,0,0,0,0,0,0,0,0,0,0,0,0,0,0,0,0,0,0,0,0,0,0]} 1. c4 b6 2. e4 Bb7 3. Nc3 e5 4. Nf3 (4. g3 Nc6 5. Bg2 Bc5 6. Nge2 Nge7 7. Na4 O-O 8. Nxc5 bxc5 9. O-O d6 10. d3 Rb8 11. f4 {0-1 (31) Tomashevsky,E (2716)-Dubov,D (2660) Doha 2016}) 4... Nc6 5. Be2 Bc5 6. O-O {A10: English Opening: Unusual Replies for Black} d6 7. d3 {LiveBook: 3 Games} Nf6 8. Nd5 $146 {White has an edge.} ({Predecessor:} 8. a3 a5 9. Rb1 h6 10. Bd2 O-O 11. Nb5 {1-0 (45) Damljanovic,B (2611)-Chatalbashev,B (2596) Struga 2011}) 8... Nd4 9. Nxd4 Bxd4 10. Ne3 Bxe3 11. Bxe3 h6 12. f4 Nd7 13. Qd2 Qe7 14. Rf2 c5 15. Raf1 f6 16. Bh5+ Kd8 17. b4 cxb4 18. Qxb4 Nc5 19. Qa3 (19. fxe5 $142 dxe5 20. Rd1) 19... Kc7 (19... Bc6 $16) 20. fxe5 $1 $18 dxe5 21. Bxc5 (21. d4 $16 exd4 22. Bxd4) 21... Qxc5 $11 22. Qxc5+ bxc5 23. Bf7 Rab8 24. Rb2 Bc6 25. Rfb1 Rb6 26. Rxb6 axb6 $15 {[%mdl 4096] Endgame KRB-KRB} 27. a3 Ra8 28. Rb3 $1 Ba4 29. Rc3 $1 Rf8 30. Bd5 g6 31. Kf2 f5 32. exf5 gxf5 33. Bf3 Bc6 34. Bh5 Rd8 35. Be2 Rg8 36. Bf1 h5 37. Rb3 h4 38. Rb1 Ra8 39. Rb3 Rd8 40. Rb2 Rd4 41. Rb3 Rf4+ 42. Ke1 $1 Rg4 43. Kf2 f4 44. Rb1 Rg5 45. Rb3 Kb7 46. Rb2 Ka6 47. Rb1 Ka5 48. Rb3 $1 Rg6 49. Rb1 $1 Bb7 50. Re1 Re6 ({Black should try} 50... Rg5 $15) 51. Be2 $11 e4 52. dxe4 Rxe4 53. Rd1 $1 {[%cal Rd1d7] next Rd7 is good for White.} Ba6 54. Rd8 $2 (54. Bf1 $1 $11) 54... Bxc4 $19 55. Bf3 $2 (55. Bd1 {keeps fighting.} b5 56. Ra8+ Kb6 57. Rb8+ Kc7 58. Rh8) 55... Rd4 $1 {[%cal Rd4d8]} 56. Ra8+ Kb5 57. a4+ Kb4 58. Rb8 Rd6 59. Rf8 Rd2+ 60. Ke1 Rd4 61. Rb8 Rd6 62. Rf8 Rd4 $2 (62... Kxa4 63. Rxf4 Rd4) 63. Rb8 $1 Kxa4 64. Rxb6 Bd5 65. Bd1+ Ka5 66. Rh6 Bxg2 67. Rxh4 c4 68. Rh8 f3 69. Rf8 {[#]} c3 (69... Kb4 $1 $19 {and Black stays clearly on top.} 70. Bxf3 Bxf3 71. Rxf3 c3) 70. Ra8+ $2 (70. Bc2 $17) 70... Kb5 71. Ra2 $2 (71. Rf8) 71... Rh4 (71... Rb4 $142 72. Bc2 Bh3) 72. Ra3 $2 (72. Kf2) 72... Re4+ $2 (72... Rxh2 73. Rxc3 Rh1+ 74. Kf2 Rxd1) 73. Kf2 {[#]} Rc4 $2 ({Better is} 73... c2 $1 $19 {[%cal Rc2d1][%mdl 512]} 74. Bxc2 Re2+ 75. Kg3 Rxc2) 74. Bc2 $11 {The position is equal.} Kc5 {[#]} 75. h4 $1 {[%cal Bh2h4,Bh4h5][%mdl 544]} Kd4 (75... Rxh4 76. Rxc3+) 76. Ra4 Rxa4 77. Bxa4 {KB-KB} Ke4 78. Bc2+ Kf4 {White must now prevent ...Bh3.} 79. h5 $1 {[%cal Rh5h6] Strongly threatening h6.} Kg5 80. Bg6 Bh3 {Threatens to win with ...Bf5.} 81. Kxf3 Bg4+ 82. Ke3 Bxh5 83. Bxh5 c2 84. Kd2 Kxh5 85. Kxc2 {Precision: White = 51%, Black = 52%.} 1/2-1/2

[Event "105th British-ch 2018"]
[Site "Hull"]
[Date "2018.08.03"]
[Round "4"]
[White "Muir, Andrew J"]
[Black "Moore, Graham J"]
[Result "0-1"]
[WhiteElo "2291"]
[BlackElo "2218"]
[Annotator "ChessBase"]
[PlyCount "82"]
[EventDate "2018.07.28"]
[EventType "swiss"]
[EventCountry "GBR"]
[SourceTitle "playchess.com"]
[Source "ChessBase"]
[SourceQuality "1"]
[TimeControl "40/5400+30:1800+30"]

1. d4 {[%emt 0:00:00]} d5 {[%emt 0:00:00]} 2. c4 {[%emt 0:00:13]} e6 {[%emt 0:00:00]} 3. Nc3 {[%emt 0:00:37]} Nf6 {[%emt 0:00:01]} 4. cxd5 {[%emt 0:00:43]} exd5 {[%emt 0:00:18]} 5. Bg5 {[%emt 0:00:11]} c6 {[%emt 0:00:32]} 6. e3 {[%emt 0:01:05]} Be7 {[%emt 0:00:10]} 7. Bd3 {[%emt 0:00:36]} Nbd7 {[%emt 0:00:17]} 8. Qc2 {[%emt 0:02:20]} h6 {[%emt 0:01:11]} 9. Bh4 {[%emt 0:00:45]} Nh5 {[%emt 0:00:31]} 10. Bxe7 {[%emt 0:00:49]} Qxe7 {[%emt 0:00:10]} 11. Nge2 {[%emt 0:00:18]} Nb6 {[%emt 0:00:32]} 12. h3 {[%emt 0:02:08]} Bd7 {[%emt 0:01:17]} 13. O-O-O {[%emt 0:04:57]} O-O-O {[%emt 0:00:16]} 14. Kb1 {[%emt 0:06:16]} Kb8 {[%emt 0:00:49]} 15. g4 {[%emt 0:02:23]} Nf6 {[%emt 0:00:31]} 16. Ng3 {[%emt 0:00:16]} g6 {[%emt 0:00:18]} 17. Rde1 {[%emt 0:11:55]} Qd6 {[%emt 0:20:21]} 18. Rhg1 {[%emt 0:02:44]} h5 {[%emt 0:02:14]} 19. f3 {[%emt 0:07:11]} Rc8 {[%emt 0:10:34]} 20. Qf2 {[%emt 0:04:20]} c5 {[%emt 0:05:38]} 21. dxc5 {[%emt 0:02:05]} Qxc5 {[%emt 0:04:04]} 22. Rc1 {[%emt 0:02:23]} Qb4 {[%emt 0:04:27]} 23. a3 {[%emt 0:01:40]} Qb3 {[%emt 0:07:01]} 24. Qc2 {[%emt 0:04:12]} Qxc2+ {[%emt 0:05:00]} 25. Rxc2 {[%emt 0:00:05]} hxg4 {[%emt 0:01:14]} 26. hxg4 {[%emt 0:00:30]} Bc6 {[%emt 0:04:53]} 27. Nb5 {[%emt 0:28:29]} Nfd7 {[%emt 0:09:03]} 28. Nd6 {[%emt 0:02:21]} Rcf8 {[%emt 0:00:57]} 29. f4 {[%emt 0:00:46]} Rh4 {[%emt 0:02:22]} 30. g5 {[%emt 0:00:50]} a6 {[%emt 0:01:28]} 31. Nxf7 {[%emt 0:03:27]} Rxf7 {[%emt 0:00:11]} 32. Bxg6 {[%emt 0:00:02]} Rf8 {[%emt 0:00:20]} 33. Nf5 {[%emt 0:02:13]} Rh3 {[%emt 0:00:15]} 34. Re1 {[%emt 0:01:15]} Nc4 {[%emt 0:07:28]} 35. e4 {[%emt 0:02:12]} Ba4 {[%emt 0:00:39]} 36. Rf2 {[%emt 0:02:01]} dxe4 {[%emt 0:01:26]} 37. Rxe4 {[%emt 0:00:36]} Rh1+ {[%emt 0:00:46]} 38. Ka2 {[%emt 0:00:05]} Nc5 {[%emt 0:00:39]} 39. Nd4 {[%emt 0:00:47]} Rd8 {[%emt 0:02:07]} 40. b3 {[%emt 0:02:48]} Rxd4 {[%emt 0:00:35]} 41. bxa4 {[%emt 0:30:51]} Nxe4 {[%emt 0:30:28]} 0-1

[Event "105th British-ch 2018"]
[Site "Hull"]
[Date "2018.08.03"]
[Round "4"]
[White "Abdulla, Murad"]
[Black "Price, Gwilym"]
[Result "1-0"]
[WhiteElo "2281"]
[BlackElo "2085"]
[Annotator "ChessBase"]
[PlyCount "75"]
[EventDate "2018.07.28"]
[EventType "swiss"]
[EventCountry "GBR"]
[SourceTitle "playchess.com"]
[Source "ChessBase"]
[SourceQuality "1"]
[TimeControl "40/5400+30:1800+30"]

1. e4 {[%emt 0:00:58]} c5 {[%emt 0:00:00]} 2. Nf3 {[%emt 0:00:12]} e6 {[%emt 0:00:00]} 3. g3 {[%emt 0:00:44]} Nc6 {[%emt 0:00:00]} 4. Bg2 {[%emt 0:00:36]} Nf6 {[%emt 0:00:29]} 5. Qe2 {[%emt 0:00:44]} d6 {[%emt 0:01:19]} 6. O-O {[%emt 0:00:45]} g6 {[%emt 0:01:45]} 7. c3 {[%emt 0:05:48]} e5 {[%emt 0:01:17]} 8. a4 {[%emt 0:03:01]} Bg7 {[%emt 0:01:35]} 9. Na3 {[%emt 0:01:59]} O-O {[%emt 0:02:42]} 10. d3 {[%emt 0:02:00]} Ne8 {[%emt 0:06:08]} 11. Ne1 {[%emt 0:03:31]} Nc7 {[%emt 0:06:09]} 12. Nec2 {[%emt 0:09:16]} a6 {[%emt 0:09:22]} 13. Nc4 {[%emt 0:03:09]} b5 {[%emt 0:02:39]} 14. Nb6 {[%emt 0:01:20]} Rb8 {[%emt 0:00:25]} 15. Nxc8 {[%emt 0:01:24]} Qxc8 {[%emt 0:00:20]} 16. Ne3 {[%emt 0:02:43]} Na5 {[%emt 0:07:27]} 17. Qd1 {[%emt 0:03:50]} bxa4 {[%emt 0:01:22]} 18. Rxa4 {[%emt 0:07:31]} Nb3 {[%emt 0:00:36]} 19. Nc4 {[%emt 0:00:27]} Qd7 {[%emt 0:02:50]} 20. Ra3 {[%emt 0:00:56]} Nxc1 {[%emt 0:00:13]} 21. Qxc1 {[%emt 0:00:03]} f5 {[%emt 0:09:54]} 22. Bh3 {[%emt 0:10:18]} Qe7 {[%emt 0:03:29]} 23. Qc2 {[%emt 0:00:53]} f4 {[%emt 0:04:13]} 24. Ra5 {[%emt 0:08:35]} Rb5 {[%emt 0:04:02]} 25. Qa4 {[%emt 0:04:57]} Rfb8 {[%emt 0:00:48]} 26. Ra1 {[%emt 0:02:53]} h5 {[%emt 0:03:08]} 27. Qd1 {[%emt 0:02:16]} Rf8 {[%emt 0:07:42]} 28. Rxb5 {[%emt 0:03:32]} axb5 {[%emt 0:00:29]} 29. Nb6 {[%emt 0:00:21]} fxg3 {[%emt 0:02:30]} 30. hxg3 {[%emt 0:02:35]} Qf7 {[%emt 0:02:45]} 31. Qc2 {[%emt 0:01:48]} Rb8 {[%emt 0:01:25]} 32. Nc8 {[%emt 0:01:28]} Qf8 {[%emt 0:00:38]} 33. Qb3+ {[%emt 0:02:43]} Kh7 {[%emt 0:01:29]} 34. Ra7 {[%emt 0:01:12]} c4 {[%emt 0:07:14]} 35. dxc4 {[%emt 0:01:19]} Rxc8 {[%emt 0:00:23]} 36. Bxc8 {[%emt 0:01:38]} Qxc8 {[%emt 0:00:46]} 37. cxb5 {[%emt 0:00:38]} h4 {[%emt 0:01:19]} 38. Qc4 {[%emt 0:00:47]} 1-0